000
00314nam a2200133Ia 4500
005
20251222155040.0
008
251222s9999||||xx |||||||||||||| ||spa||
082
_a
EBA. 10
100
_a
O.P.S.,
245
0
_a
AntologĂa Experiencias Servicio y Docencia
250
_a
1ra. ed.
264
_b
OPS/OMS
942
_c
LIB
999
_c
36875
_d
36875